A manual for authors of mathematical papers.
Guardado en:
| Autor Corporativo: | |
|---|---|
| Formato: | Libro |
| Idioma: | English |
| Publicado: |
Providence, RI :
American Mathematical Society,
1973, c1962.
|
| Edición: | 5th ed. |
| Etiquetas: |
Agregar Etiqueta
Sin Etiquetas, Sea el primero en etiquetar este registro!
|
| LEADER | 00609nam a22001575a 4500 | ||
|---|---|---|---|
| 001 | MAT.inmabb007085 | ||
| 008 | 180228t19731962riu######r####000#0#eng#d | ||
| 005 | 20180312115444.0 | ||
| 245 | 0 | 2 | |a A manual for authors of mathematical papers. |
| 250 | |a 5th ed. | ||
| 260 | |a Providence, RI : |b American Mathematical Society, |c 1973, c1962. | ||
| 300 | |a 24 p. ; |c 24 cm. | ||
| 500 | |a "The original edition was published in the Bulletin of the American Mathematical Society, Volume 68, Number 5, September, 1962". | ||
| 710 | 2 | |a American Mathematical Society. | |
| 084 | |a 00A20 |2 msc2000 | ||
| 859 | |h 00A20 |i M294 |p A-4489 |b BIB. MATEMATICA | ||
